000 00444nam a2200157 a 4500
005 20140412111226.0
008 010521s19uu xx 00 eng d
020 _a0-14-037143-5
050 _aTR(PS E
_bHa14 1992
100 _aZiefert, Harriet
245 _aHalloween parade /
_cHarriet Ziefert; pictures by Lillie James.
260 _aNew York :
_bPuffin Book,
_c1992.
300 _a1v. (unp.) ; ill.
650 _aReading
999 _c102052
_d102052